| 000 -LEADER |
| fixed length control field |
00909cam a22002294a 4500 |
| 020 ## - INTERNATIONAL STANDARD BOOK NUMBER |
| ISBN |
0792370562 (alk. paper) |
| 040 ## - CATALOGING SOURCE |
| Transcribing agency |
DLC |
| 082 00 - DEWEY DECIMAL CLASSIFICATION NUMBER |
| Classification number |
616 KLU 2001 A040 Or. |
| 245 10 - TITLE STATEMENT |
| Title |
Endocrine disrupters : |
| Remainder of title |
environmental health and policies / |
| 260 ## - PUBLICATION, DISTRIBUTION, ETC. (IMPRINT) |
| Place of publication |
Dordrecht ; |
| -- |
Boston : |
| Name of publisher |
Kluwer Academic Publishers, |
| Year of publication |
c2001. |
| 300 ## - PHYSICAL DESCRIPTION |
| Number of Pages |
xviii, 376 p. : |
| Other physical details |
ill. ; |
| Dimensions |
25 cm. |
| 500 ## - GENERAL NOTE |
| General note |
"Proceedings of the Seminar 'Environmental Health Aspectgs of Endocrine Disrupters', Hippocrates Foundation, Kos, Greece, 2-4 September, 1999." |
| 650 #0 - SUBJECT ADDED ENTRY--TOPICAL TERM |
| Topical Term |
Endocrine toxicology |
| 650 #0 - SUBJECT ADDED ENTRY--TOPICAL TERM |
| Topical Term |
Environmental toxicology |
| 650 #0 - SUBJECT ADDED ENTRY--TOPICAL TERM |
| Topical Term |
Reproductive toxicology |
| 700 1# - ADDED ENTRY--PERSONAL NAME |
| Personal name |
Nicolopoulou-Stamati, P. |
| 700 1# - ADDED ENTRY--PERSONAL NAME |
| Personal name |
Hens, Luc, |
| 700 1# - ADDED ENTRY--PERSONAL NAME |
| Personal name |
Howard, Vyvyan. |
| 856 41 - ELECTRONIC LOCATION AND ACCESS |
| Uniform Resource Identifier |
http://www.loc.gov/catdir/enhancements/fy0813/2001029972-t.html |
| 856 42 - ELECTRONIC LOCATION AND ACCESS |
| Uniform Resource Identifier |
http://www.loc.gov/catdir/enhancements/fy0813/2001029972-d.html |
| 942 ## - ADDED ENTRY ELEMENTS (KOHA) |
| Koha item type |
សៀវភៅភាសាអង់គ្លេស |
| 952 ## - LOCATION AND ITEM INFORMATION (KOHA) |
| Withdrawn status [LOCAL, KOHA] |
0 |